ბათუმის შოთა რუსთაველის სახელმწიფო უნივერსიტეტის ბიბლიოთეკა

რომეო და ჯულიეტა ; ვენეციელი ვაჭარი / (ბიბ.ჩანაწერი № 56082)

000 -ლიდერი
ფიქსირებული სიგრძის საკონტროლო ველი 01154nam a2200241Ia 4500
001 - საკონტროლო ნომერი
საკონტროლო ველი 23182
003 - საკონტროლო ნომრის იდენტიფიკატორი
საკონტროლო ველი GE_BSU
005 - ბოლო ოპერაციის თარიღი და დრო
საკონტროლო ველი 20230719155117.0
008 - ფიქსირებული სიგრძის მონაცემთა ელემენტები - ზოგადი ინფორმაცია
ფიქსირებული სიგრძის საკონტროლო ველი 181216s1951||||ge |||||||||||||| ||geo||
040 ## - კატალოგიზაციის წყარო
Transcribing agency GE_BSU
041 ## - ენის კოდი
Language code of text/sound track or separate title geo
080 ## - უნივერსალური ათობითი კლასიფიკაციის ინდექსი
Universal Decimal Classification number 821.111-22 შ-56
100 ## - მთავარი ჩანაწერი - პიროვნების სახელი
Personal name შექსპირი, უილიამ
9 (RLIN) 19445
245 ## - ცნობა სათაურის შესახებ
Title რომეო და ჯულიეტა ; ვენეციელი ვაჭარი /
Statement of responsibility, etc უილიამ შექსპირი ; თარგმ. ინგლისურიდან და წინასიტყვაობა ვახტანგ ჭელიძისა ; რედ. ა. ჭეიშვილი.
264 ## - წარმოების, გამოცემის, დისტრიბუციის და სხვა ცნობები
გამოცემის, წარმოების, დისტრიბუციის... ადგილი თბილისი :
გამოცემის, წარმოების, დისტრიბუციის... სახელწოდება საბლიტგამი,
გამოცემის, წარმოების, დისტრიბუციის... თარიღი 1951.
300 ## - ფიზიკური აღწერა
Extent 280 გვ. ;
Dimensions 22 სმ.
653 ## - INDEX TERM--UNCONTROLLED
Uncontrolled term რომეო და ჯულიეტა
653 ## - INDEX TERM--UNCONTROLLED
Uncontrolled term ვენეციელი ვაჭარი
700 ## - ADDED ENTRY--PERSONAL NAME
Personal name ჭელიძე, ვახტანგ
Relator term მთარგმნელი
9 (RLIN) 19446
700 ## - ADDED ENTRY--PERSONAL NAME
Personal name ჭეიშვილი, ა.
Relator term რედაქტორი
9 (RLIN) 16271
942 ## - ADDED ENTRY ELEMENTS (KOHA)
Koha item type წიგნი
Source of classification or shelving scheme
ეგზემპლარები
ჩამოწერის სტატუსი დაკარგული ეგზემპლარის სტატუსი კლასიფიკაციის წყარო ან თაროზე გაწყობის სქემა დაზიანების სტატუსი არ გაიცემა მუდმივი მდებარეობა (დაცვის ადგილი) ამჟამინდელი ადგილსამყოფელი თაროზე განთავსების ადგილი შეძენის თარიღი ღირებულება, შესყიდვის ნორმალური ფასი სრული შენახვის შიფრი შტრიხკოდი ბოლო ოპერაციის თარიღი ეგზემპლარის მიმდევრობითი ნომერი (კეტერი?) ფასის ძალაში შესვლის თარიღი ეგზემპლარის სახეობა საჯარო შენიშვნა
          ბათუმის შოთა რუსთაველის სახელმწიფო უნივერსიტეტის მთავარი ბიბლიოთეკა ბათუმის შოთა რუსთაველის სახელმწიფო უნივერსიტეტის მთავარი ბიბლიოთეკა წიგნსაცავი 2018-12-17 2.40 821.111-22 შ-56 58602 2018-12-17 58602 2018-12-17 წიგნი 2.40 ₾.